000 00355nam a2200133Ia 4500
008 240624s9999 xx 000 0 und d
041 _aeng
082 _a658.4092 BAR
100 _aBARNER ROBERT
245 _aACCELERATING YOUR DEVELOPMENT AS A LEADE
260 _c2011
_aSan Francisco
_bPfeiffer
300 _aviii, : 252 : p. : cm. ; 23
365 _c
_b27
999 _c17780
_d17780